Katy Perry Songs (Updated January 2026) - Statistics

General Stats
  • This quiz has been taken 1,122 times
    187 since last reset
  • The average score is 30 of 105
Answer Stats
Album # Answer % Correct
Teenage Dream 3 California Gurls
87%
Teenage Dream 1 Teenage Dream
87%
One Of The Boys 2 I Kissed A Girl
84%
PRISM 1 Roar
84%
Teenage Dream 4 Firework
77%
Teenage Dream 2 Last Friday Night (T.G.I.F.)
77%
PRISM 6 Dark Horse
75%
One Of The Boys 7 Hot N Cold
75%
Teenage Dream 8 E.T.
71%
Teenage Dream 7 The One That Got Away
67%
Smile 7 Smile
65%
Teenage Dream: The Complete Confection 14 Part Of Me
62%
Teenage Dream: The Complete Confection 15 Wide Awake
62%
Witness 4 Swish Swish
60%
Witness 11 Bon Appétit
57%
Witness 1 Witness
56%
One Of The Boys 1 One Of The Boys
52%
Witness 9 Chained To the Rhythm
51%
PRISM 3 Birthday
48%
PRISM 7 This Is How We Do
43%
One Of The Boys 6 Ur So Gay
43%
Smile 10 Harleys in Hawaii
42%
Teenage Dream 5 Peacock
41%
PRISM 5 Unconditionally
41%
Smile 4 Daisies
39%
One Of The Boys 3 Waking Up In Vegas
39%
143 1 Woman's World
39%
Smile 1 Never Really Over
38%
Singles 2016 Rise
33%
Singles 2019 365
30%
Teenage Dream 6 Circle The Drain
28%
Witness 2 Hey Hey Hey
28%
143 6 Lifetimes
28%
PRISM 2 Legendary Lovers
26%
PRISM 4 Walking On Air
26%
One Of The Boys 4 Thinking Of You
25%
Teenage Dream 11 Hummingbird Heartbeat
24%
143 4 I'm His, He's Mine
24%
Singles 2025 Bandaids
23%
Smile 8 Champagne Problems
23%
Smile 2 Cry About It Later
23%
Collaborations 2017 Feels
23%
Teenage Dream 10 Pearl
23%
Collaborations 2021 When I'm Gone
23%
Teenage Dream 12 Not Like The Movies
22%
PRISM 13 By the Grace of God
21%
143 5 Crush
21%
PRISM 12 Double Rainbow
21%
Teenage Dream: The Complete Confection 16 Dressin' Up
21%
Singles 2021 Electric
21%
Teenage Dream 13 If We Ever Meet Again
21%
Smile 6 Not the End of the World
21%
Witness 3 Roulette
21%
Smile 9 Tucked
21%
143 9 Artificial
19%
PRISM 9 Ghost
19%
PRISM 8 International Smile
18%
One Of The Boys 5 Mannequin
18%
Singles 2020 Never Worn White
18%
143 8 Nirvana
18%
Witness 14 Pendulum
18%
Witness 13 Save As Draft
18%
Singles 2019 Small Talk
18%
Witness 10 Tsunami
18%
Teenage Dream 9 Who Am I Living For?
18%
143 11 Wonder
18%
Witness 17 Act My Age
17%
Collaborations 2019 Con Calma
17%
143 2 Gimme Gimme
17%
143 3 Gorgeous
17%
PRISM 10 Love Me
17%
PRISM 15 It Takes Two
16%
Witness 7 Mind Maze
16%
Smile 3 Teary Eyes
16%
Smile 12 What Makes a Woman
16%
Singles 2018 Cozy Little Christmas
15%
Witness 5 Déjà Vu
15%
Teenage Dream 14 Starstrukk
15%
PRISM 11 This Moment
15%
143 7 All the Love
14%
One Of The Boys 8 If You Can Afford Me
14%
One Of The Boys 11 I'm Still Breathing
14%
One Of The Boys 9 Lost
14%
143 15 OK
14%
Smile 5 Resilient
14%
One Of The Boys 13 A Cup of Coffee
13%
Witness 12 Bigger Than Me
13%
PRISM 16 Choose Your Battles
13%
Witness 16 Dance With The Devil
13%
One Of The Boys 12 Fingerprints
13%
Smile 11 Only Love
13%
Witness 6 Power
13%
PRISM 14 Spiritual
13%
143 10 Truth
13%
143 14 No Tears for New Year's
12%
143 13 Has a Heart
11%
Witness 15 Into Me You See
11%
One Of The Boys 14 I Think I'm Ready
11%
Witness 8 Miss You More
11%
One Of The Boys 10 Self Inflicted
11%
143 12 I Woke Up
9%
Collaborations 2013 Who You Love
8%
Singles 2021 All You Need Is Love
6%
Collaborations 2022 Where We Started
5%
Singles 2015 Every Day Is a Holiday
4%
No matching quizzes found
Score Distribution
Percent of People with Each Score
Percentile by Number Answered
Your Score History
You have not taken this quiz since the last reset